Normal view
MARC view
- Niccoli, Riccardo
Entry Personal Name
001 - CONTROL NUMBER
- control field: 109946
003 - CONTROL NUMBER IDENTIFIER
- control field: NUST
005 - DATE AND TIME OF LATEST TRANSACTION
- control field: 20230307120059.0
008 - FIXED-LENGTH DATA ELEMENTS
- fixed length control field: 230307|| aca||aabn | a|a d
040 ## - CATALOGING SOURCE
- Original cataloging agency: NUST
- Transcribing agency: NUST
100 ## - HEADING--PERSONAL NAME
- Personal name: Niccoli, Riccardo
670 ## - SOURCE DATA FOUND
- Source citation: Work cat.: (NUST): Niccoli, Riccardo, Combat Aircraft : , 2017.
